000 00417nam a22001337a 4500
082 _a343.013
_bDEF
_cL-31, p-59
245 _aFinancial regulations
_bMinistary of Defence
260 _aMinistary of Defence
_bArmy and Air Force
_c1952
300 _axv, 152 p. :
_bill,
_c20 cm.
_eMCE
526 _a0
_b0
_c0
_d343_013000000000000_DEF
526 _a0
_b0
_c0
_d343_013000000000000_DEF
650 _aMCE
_9379
942 _2ddc
_cBK
999 _c542493
_d542493